Ερευνητική προσέγγιση της επίδρασης της προσωπικότητας και της συναισθηματικής νοημοσύνης στις μαθησιακές στρατηγικές των μαθητών και φοιτητών : μελέτη στον Ελλαδικό χώρο ; διπλωματική εργασία
Αποθηκεύτηκε σε:
| Κύριος συγγραφέας: | |
|---|---|
| Συγγραφή απο Οργανισμό/Αρχή: | |
| Άλλοι συγγραφείς: | , , |
| Μορφή: | Thesis Βιβλίο |
| Γλώσσα: | Greek |
| Δημοσίευση: |
Ρόδος :
Πανεπιστήμιο Αιγαίου, Τμήμα Επιστημών Προσχολικής Αγωγής και Εκπαιδευτικού Σχεδιασμού,
2003.
|
| Θέματα: | |
| Ετικέτες: |
Προσθήκη ετικέτας
Δεν υπάρχουν, Καταχωρήστε ετικέτα πρώτοι!
|
MARC
| LEADER | 00000cam a2200000 i 4500 | ||
|---|---|---|---|
| 001 | 1/56849 | ||
| 008 | 040607s2003 gre d | ||
| 035 | |l 10073670 | ||
| 040 | |a GR-MY-UA |b gre |e aacr | ||
| 041 | 0 | |a gre | |
| 082 | 7 | |a 152.4 |2 (21) | |
| 100 | 1 | |a Μπλιάτζα, Κατερίνα. | |
| 245 | 1 | 0 | |a Ερευνητική προσέγγιση της επίδρασης της προσωπικότητας και της συναισθηματικής νοημοσύνης στις μαθησιακές στρατηγικές των μαθητών και φοιτητών : |b μελέτη στον Ελλαδικό χώρο ; διπλωματική εργασία / |c Μπλιάτζα Κατερίνα ; εισηγητής: Τσαούσης Ιωάννης ; συνεισηγητές: Καϊλα Μαρία, Ξανθάκου Παναγιώτα. |
| 260 | |a Ρόδος : |b Πανεπιστήμιο Αιγαίου, Τμήμα Επιστημών Προσχολικής Αγωγής και Εκπαιδευτικού Σχεδιασμού, |c 2003. | ||
| 300 | |a 99 σ. | ||
| 502 | |a Πτυχιακή εργασία – Πανεπιστήμιο Αιγαίου, Ρόδος, 2003. | ||
| 504 | |a Περιέχει βιβλιογραφικές αναφορές. | ||
| 610 | 2 | 0 | |a University of the Aegean |x Dissertations. |
| 650 | 0 | 0 | |a Emotions. |
| 650 | 0 | 0 | |a Emotions and cognition. |
| 650 | 0 | 0 | |a Emotions |x Social aspects. |
| 650 | 0 | 0 | |a Dissertations, Academic |z Greece. |
| 700 | 1 | |a Τσαούσης, Ιωάννης. |4 ths | |
| 700 | 1 | |4 ths |a Ξανθάκου, Γιώτα Π. | |
| 700 | 1 | |4 ths |a Καΐλα, Μαρία Α. | |
| 710 | 2 | |a Πανεπιστήμιο Αιγαίου |b Σχολή Ανθρωπιστικών Σπουδών |b Τμήμα Επιστημών Προσχολικής Αγωγής και Εκπαιδευτικού Σχεδιασμού. | |
| 852 | |a INST |b RHODES |c DIATR |e 20040607 |h 152.4 ΜΠΛ |p 005400018904 |q 005400018904 |t DIE |y 23 | ||
| 852 | |a INST |b RHODES |c DIATR |e 20040607 |h 152.4 ΜΠΛ |p 005400018905 |q 005400018905 |t DIE |y 23 | ||
| 901 | |a BIBL4-2004-2 | ||
| 909 | |a Ρ |b 109608 | ||
| 909 | |a Ρ |b 109609 | ||
| 924 | |a ΜΠΛΙΑΤΖΑ |b ΚΑΤΕΡΙΝΑ |y Ρόδος |z 2003-10 | ||
| 970 | |a ΚΟΥΛΑΚΙΟΤΗ |b ΛΙΤΣΑ |z 2004/06/07 | ||